000
00292nam a22001217a 4500
008
171005b xxu||||| |||| 00| 0 eng d
041
_a
eng
080
_2
2ND
_a
159.9
100
_a
49
101
_a
PSI
245
_a
READINGS IN CHILD BEHAVIOR AND DEVELOPMENT
_c
STENDLER,C.B
942
_2
udc
_c
BK
999
_c
32040
_d
32040